| 000 | 00000nam##2200000za#4500 |
| 001 | 9.642937 |
| 003 | CaOODSP |
| 005 | 20210624223935 |
| 007 | cr ||||||||||| |
| 008 | 150407|2010||||xxc|||||o f|0| 0 fre|d |
| 040 | |aCaOODSP|bfre |
| 043 | |an-cn--- |
| 086 | 1 |aIu92-4/34-2010F-PDF |
| 110 | 1 |aCanada.|bDiversification de l'économie de l'Ouest Canada. |bDirection générale de la vérification et de l’évaluation. |
| 245 | 10|aÉvaluation de l'Accord de Vancouver |h[ressource électronique] |
| 260 | |aOttawa - Ontario : |bDiversification de l'économie de l'Ouest Canada. |cMai 2010. |
| 300 | |a46p.|bfigures, tableaux |
| 590 | |a14-05-Supp|b2014-02-26 |
| 691 | 07|aProvinces de l'Ouest|2gcpds |
| 691 | 07|aAccord fédéral-provincial|2gcpds |
| 775 | 08|tEvaluation of the Vancouver Agreement |w(CaOODSP)9.698941 |
| 856 | 40|ahttp://publications.gc.ca|qPDF|s180 Ko|uhttps://publications.gc.ca/collections/collection_2014/deo-wd/Iu92-4-34-2010-fra.pdf |